000
00357nam a2200157Ia 4500
003
OSt
005
20240514170603.0
008
170524s9999 xx 000 0 und d
020
_a
978-1259002465
040
_c
IIMT UNIVERSITY
100
_a
Schildt -Herbert
245
4
_a
Java The Complete Reference
260
_b
TMH
260
_c
2010
942
_2
ddc
_c
02
999
_c
5907
_d
5907